000 00883nas1a22001931i 4500
001 rc\325402
005 20240723220337.0
035 _a(NLR Aleph) 005631866
090 _a6582723
_c6582723
100 _a20030307a19899999u |0rusy50 ca
101 0 _arus
102 _aRU
200 1 _aЭлектротехническая промышленность. Сер. 27, Экономика. Организация. Управление. Планирование и прогнозирование
_eОбзор. информ.
_fВНИИ информ. и техн.-экон. исслед. в электротехнике (Информэлектро)
210 _aМ.
_cИнформэлектро
_d1989-
300 _aВ надзаг. также: М-во электротехн. пром-сти СССР
801 0 _aRU
_bNLR
_gpsbo
801 1 _aRU
_bELAR
_2rusmarc
852 _aNLR
_jП22/5036
942 _cSE